000 00347pab a2200145 454500
008 180718b1986 xxu||||| |||| 00| 0 eng d
100 _aSen, A.N.
245 _aNational media policy - a debate
260 _c1986
300 _a1-6
362 _aJan.
650 _aMass Media - India
773 _aPress Council of India Review
909 _a13333
999 _c13333
_d13333